[Event "SVK-chT2A 2324"]
[Site "Slovakia"]
[Date "2023.12.03"]
[Round "6.7"]
[White "Struhar, Adrian"]
[Black "Bugar, Peter"]
[Result "0-1"]
[WhiteElo "1389"]
[BlackElo "1986"]
[PlyCount "92"]
[EventDate "2023.10.07"]
[EventType "team-tourn"]
[EventRounds "11"]
[EventCountry "SVK"]
[SourceTitle "EXT 2025"]
[Source "ChessBase"]
[SourceDate "2024.10.14"]
[SourceVersion "1"]
[SourceVersionDate "2024.10.14"]
[SourceQuality "1"]
[WhiteTeam "Dubravan"]
[BlackTeam "Dunajska Streda II"]
[WhiteTeamCountry "SVK"]
[BlackTeamCountry "SVK"]

1. e4 e6 2. d4 d5 3. Nd2 c5 4. c3 cxd4 5. cxd4 dxe4 6. Nxe4 Nf6 7. Ng3 Bb4+ 8. Bd2 Qxd4 9. Bb5+ Nc6 10. Nf3 Bxd2+ 11. Qxd2 Qxd2+ 12. Nxd2 0-0 13. 0-0 Nd4 14. Ba4 b5 15. Bd1 Bb7 16. h3 Rac8 17. Nb3 Rfd8 18. Nxd4 Rxd4 19. Bb3 h5 20. Rad1 Rcd8 21. Rxd4 Rxd4 22. Rd1 Rxd1+ 23. Bxd1 h4 24. Ne2 Kf8 25. Nd4 b4 26. a3 bxa3 27. bxa3 Ke7 28. Bf3 Ne4 29. Bxe4 Bxe4 30. f3 Bd5 31. Kf2 Kd6 32. Nb5+ Kc5 33. Nxa7 Bb7 34. a4 Ba6 35. Nb5 Bxb5 36. axb5 Kxb5 37. Ke3 Kc4 38. Kf4 Kd3 39. Kg5 Ke3 40. Kxh4 Kf2 41. g4 Kxf3 42. Kg5 e5 43. Kf5 e4 44. g5 e3 45. h4 e2 46. h5 e1Q 0-1

[Event "SVK-chT2A 2324"]
[Site "Slovakia"]
[Date "2023.11.12"]
[Round "4.6"]
[White "Fialka, Lukas"]
[Black "Struhar, Adrian"]
[Result "1/2-1/2"]
[WhiteElo "1645"]
[BlackElo "1389"]
[PlyCount "51"]
[EventDate "2023.10.07"]
[EventType "team-tourn"]
[EventRounds "11"]
[EventCountry "SVK"]
[SourceTitle "EXT 2025"]
[Source "ChessBase"]
[SourceDate "2024.10.14"]
[SourceVersion "1"]
[SourceVersionDate "2024.10.14"]
[SourceQuality "1"]
[WhiteTeam "Osuske II"]
[BlackTeam "Dubravan"]
[WhiteTeamCountry "SVK"]
[BlackTeamCountry "SVK"]

1. e4 c6 2. d4 d5 3. Nc3 dxe4 4. Nxe4 Bf5 5. Ng3 Bg6 6. Nf3 Nf6 7. Bd3 Bxd3 8. Qxd3 e6 9. Bf4 Bd6 10. Bxd6 Qxd6 11. Ne5 Nbd7 12. f4 Qb4+ 13. c3 Qb6 14. 0-0 Rd8 15. Kh1 0-0 16. Qf3 Qc7 17. Ne2 Qd6 18. Ng3 Qd5 19. Qxd5 Nxd5 20. Rae1 Rfe8 21. Nxd7 Rxd7 22. f5 Rde7 23. Re5 exf5 24. Rfxf5 Rxe5 25. Rxe5 Rxe5 26. dxe5 1/2-1/2

[Event "SVK-chT2A 2324"]
[Site "Slovakia"]
[Date "2023.11.11"]
[Round "3.7"]
[White "Pobjecky, Ivan"]
[Black "Struhar, Adrian"]
[Result "1-0"]
[WhiteElo "2043"]
[BlackElo "1389"]
[PlyCount "87"]
[EventDate "2023.10.07"]
[EventType "team-tourn"]
[EventRounds "11"]
[EventCountry "SVK"]
[SourceTitle "EXT 2025"]
[Source "ChessBase"]
[SourceDate "2024.10.14"]
[SourceVersion "1"]
[SourceVersionDate "2024.10.14"]
[SourceQuality "1"]
[WhiteTeam "Piestany Kupele"]
[BlackTeam "Dubravan"]
[WhiteTeamCountry "SVK"]
[BlackTeamCountry "SVK"]

1. e4 c5 2. Nf3 d6 3. d4 cxd4 4. Nxd4 Nf6 5. Nc3 a6 6. Bg5 e6 7. Qd2 Nc6 8. 0-0-0 Be7 9. f3 0-0 10. g4 Ne5 11. h4 b5 12. Bxf6 Bxf6 13. g5 Be7 14. f4 b4 15. Nb1 Ng6 16. Nc6 Qc7 17. Nxe7+ Nxe7 18. Qxd6 Qxd6 19. Rxd6 Ng6 20. Rd4 a5 21. e5 Bb7 22. Rh2 Rad8 23. Rhd2 Rxd4 24. Rxd4 Nxh4 25. Nd2 Nf5 26. Rd7 Bd5 27. Nc4 a4 28. Bd3 Bxc4 29. Bxc4 Ne3 30. Rd4 h6 31. gxh6 gxh6 32. Bb5 b3 33. axb3 axb3 34. c4 Ra8 35. Rd3 Ra1+ 36. Kd2 Nf1+ 37. Kc3 h5 38. Kxb3 Kg7 39. c5 h4 40. c6 h3 41. Rxh3 Nd2+ 42. Kc2 Ne4 43. c7 Ra8 44. Bc6 1-0